000 00342nam a22001457a 4500
008 221013b ||||| |||| 00| 0 eng d
020 _a0865425930
041 _aeng
080 _221
_a616.9
082 _a616.9 REM
100 _a16.2
101 _aINFEKS
245 _aCURRENT CLINICAL TOPICS IN INFECTIOUS
_cREMINGTON J
942 _2udc
_cBK
999 _c58536
_d58536